000 00457nam a2200193Ia 4500
005 20240823024204.0
008 240823s9999||||xx |||||||||||||| ||und||
020 _a978-81-907104-8-0
041 _aENGLISH
082 _A410.4 P9
100 _aShalini Sharma
245 0 _aConcepts of Professional Communication
250 _a1st
260 _c2009
_bAcme Lea
500 _aYES
650 _aCommunication
_bGeneral
942 _cBK
999 _c183331
_d183331